[Event "Klaksvik Kjolur op"]
[Site "Klaksvik"]
[Date "2022.04.03"]
[Round "6"]
[White "Thorhauge, Kenneth"]
[Black "Samuelsen, Brestir"]
[Result "1/2-1/2"]
[WhiteElo "1497"]
[BlackElo "1189"]
[PlyCount "82"]
[EventDate "2022.04.01"]
[EventType "swiss"]
[EventRounds "7"]
[EventCountry "FAI"]
[SourceTitle "EXT 2023"]
[Source "ChessBase"]
[SourceDate "2022.10.05"]
[SourceVersion "1"]
[SourceVersionDate "2022.10.05"]
[SourceQuality "1"]

1. e4 e5 2. Nf3 Nc6 3. d4 exd4 4. Nxd4 Bc5 5. Be3 Nxd4 6. Bxd4 Bxd4 7. Qxd4 f6 8. Bc4 Ne7 9. Nc3 d6 10. 0-0-0 Nc6 11. Qd5 Qe7 12. Rhe1 Bd7 13. Nb5 0-0-0 14. Re3 a6 15. Nd4 Qe5 16. Nxc6 Bxc6 17. Qxe5 fxe5 18. f3 g5 19. h3 h6 20. Ree1 Bd7 21. Rh1 Rdf8 22. Rdf1 Rf6 23. Be2 Be6 24. a3 Rg6 25. g4 Rf8 26. Kd2 b5 27. h4 Rgf6 28. hxg5 hxg5 29. Ke3 c6 30. Rh5 Bxg4 31. Rxg5 Be6 32. Rfg1 Kc7 33. Rg6 Kb6 34. Rxf6 Rxf6 35. Rf1 Bh3 36. Rf2 Be6 37. f4 exf4+ 38. Rxf4 Rxf4 39. Kxf4 Kc5 40. e5 dxe5+ 41. Kxe5 Bd5 1/2-1/2

[Event "Nordic-ch U14"]
[Site "Torshavn"]
[Date "2021.09.12"]
[Round "6"]
[White "Hald Falkesgaard, Jeppe"]
[Black "Samuelsen, Brestir"]
[Result "1-0"]
[WhiteElo "1868"]
[BlackElo "1115"]
[PlyCount "57"]
[EventDate "2021.09.10"]
[EventType "swiss"]
[EventRounds "6"]
[EventCountry "FAI"]
[SourceTitle "EXT 2023"]
[Source "ChessBase"]
[SourceDate "2022.10.05"]
[SourceVersion "1"]
[SourceVersionDate "2022.10.05"]
[SourceQuality "1"]

1. d4 d5 2. c4 e6 3. Nc3 Nf6 4. cxd5 exd5 5. Bg5 c6 6. e3 h6 7. Bh4 Be7 8. Bd3 Qb6 9. Qc2 Nbd7 10. Nf3 c5 11. 0-0 c4 12. Bf5 Qd6 13. Bg3 Qc6 14. Rad1 0-0 15. Ne5 Nxe5 16. dxe5 Nh5 17. Bxc8 Raxc8 18. Nxd5 Rfe8 19. Nxe7+ Rxe7 20. Rd6 Qc5 21. Bf4 Nxf4 22. exf4 Re6 23. Rxe6 fxe6 24. Rd1 Qe7 25. h3 b5 26. Qg6 Rc6 27. f5 a6 28. f6 Qf7 29. Rd8+ 1-0